| 000 | 00398cam a22001457a 4500 | ||
|---|---|---|---|
| 008 | 180718b1971 xxu||||| |||| 00| 0 eng d | ||
| 020 | _a0 522 84012 4 | ||
| 082 | _aJ7 B884 | ||
| 100 | _aBunker, Raymond | ||
| 245 |
_aTown and country or city and region _cby Raymond Bunker |
||
| 260 |
_aVictoria _bMelbourne _c1971 |
||
| 300 | _aix, 164p | ||
| 650 | _aRegional planning. | ||
| 650 | _aCity planning | ||
| 999 |
_c409455 _d409455 |
||